Seerat-ul-Nabi (Record no. 347248)
[ view plain ]
| 000 -LEADER | |
|---|---|
| fixed length control field | 00376 a2200145 4500 |
| 082 ## - DEWEY DECIMAL CLASSIFICATION NUMBER | |
| Classification number | 297.122092 |
| 090 ## - LOCALLY ASSIGNED LC-TYPE CALL NUMBER (OCLC); LOCAL CALL NUMBER (RLIN) | |
| -- | 4817 |
| -- | 4817 |
| 100 ## - MAIN ENTRY--PERSONAL NAME | |
| Personal name | Allama Syed Sulaman Nadvi |
| 245 ## - TITLE STATEMENT | |
| Title | Seerat-ul-Nabi |
| Statement of responsibility, etc. | Allama Syed Sulaman Nadvi |
| 250 ## - EDITION STATEMENT | |
| Edition statement | 4th |
| 260 ## - PUBLICATION, DISTRIBUTION, ETC. | |
| Place of publication, distribution, etc. | Lahore |
| Name of publisher, distributor, etc. | Allamin Publications Press |
| Date of publication, distribution, etc. | 2000 |
| 300 ## - PHYSICAL DESCRIPTION | |
| Extent | 917p |
| 500 ## - GENERAL NOTE | |
| General note | Hard cover |
| 942 ## - ADDED ENTRY ELEMENTS (KOHA) | |
| Institution code [OBSOLETE] | NBS |
| Koha item type | Book |
| Call number prefix | 297.122092 NOM |
| Withdrawn status | Lost status | Source of classification or shelving scheme | Damaged status | Not for loan | Permanent Location | Current Location | Shelving location | Date acquired | Total Checkouts | Full call number | Barcode | Date last seen | Date last checked out | Price effective from | Koha item type |
|---|---|---|---|---|---|---|---|---|---|---|---|---|---|---|---|
| NUST Law School (NLS) | NUST Law School (NLS) | First Floor - Islam | 08/28/2013 | 1 | 297.122092 NOM | NBS2518 | 07/31/2019 | 07/13/2019 | 08/28/2013 | Reference |
